Smooth dynamical systems
Gespeichert in:
| 1. Verfasser: | |
|---|---|
| Format: | Buch |
| Sprache: | Englisch |
| Veröffentlicht: |
Londres
Academic Press
1980
|
| Schriftenreihe: | Pure and Applied Mathematics
|
| Schlagworte: | |
| Tags: |
Tag hinzufügen
Keine Tags, Fügen Sie den ersten Tag hinzu!
|
MARC
| LEADER | 00000nam a2200000 a 4500 | ||
|---|---|---|---|
| 001 | UCP0361 | ||
| 003 | CL-VaPUC | ||
| 008 | 990305e19800000UK |||||||||||||||||eng|d | ||
| 082 | 0 | 4 | |a 515.35 |b IRW |2 21 |
| 100 | 0 | |a Irwin, M. C |e author |9 425631 | |
| 245 | 1 | 0 | |a Smooth dynamical systems |
| 300 | |a 259 p | ||
| 942 | |c BK | ||
| 945 | |d 19990305 00:00:00 |a crobeson | ||
| 260 | |a Londres |b Academic Press |c 1980 | ||
| 650 | 0 | |a Sistemas dinámicos |9 260496 | |
| 650 | 0 | |a Ecuaciones diferenciales |9 260083 | |
| 650 | 0 | |a Sistemas lineales |9 384816 | |
| 583 | |a last modification |c 19990305 00:00:00 |k Rodrigo Vera | ||
| 490 | 0 | |a Pure and Applied Mathematics | |
| 999 | |c 279185 |d 279183 | ||
| 952 | |0 0 |1 0 |4 0 |6 515_350000000000000_IRW_1980 |7 0 |8 A |9 318111 |a BIBMAT |b BIBMAT |d 2019-11-20 |i 1324349 |o 515.35 IRW 1980 |p 1324349 |r 2025-01-07 |w 2019-11-20 |y BK |k MAT | ||